[Event "27th CRO-chT 1A-Men 2018"]
[Site "Biograd"]
[Date "2018.09.10"]
[Round "3.19"]
[White "Inarkiev, Ernesto"]
[Black "Postny, Evgeny"]
[Result "1-0"]
[WhiteElo "2679"]
[BlackElo "2621"]
[Annotator "TA"]
[PlyCount "71"]
[EventDate "2018.09.08"]
[EventType "team-tourn"]
[EventCountry "CRO"]
[SourceTitle "playchess.com"]
[Source "ChessBase"]
[SourceQuality "1"]

{[%evp 22,71,24,18,41,44,39,37,42,14,48,38,57,22,34,34,63,30,0,0,47,17,8,0,0,-103,0,0,61,57,214,221,212,210,186,187,298,295,531,60,149,152,152,164,309,361,377,383,706,697,1922,1716]} 1. e4 e5 2. Nf3 Nc6 3. Bb5 a6 4. Ba4 Nf6 5. d3 d6 6. c3 g6 7. O-O Bg7 8. Nbd2 O-O 9. Re1 Nd7 10. Nf1 Nc5 11. Bc2 {C77: Ruy Lopez: 3...a6 4 Ba4 Nf6, unusual lines} (11. Bxc6 bxc6 12. d4 exd4 13. cxd4 Ne6 14. Ng3 c5 15. dxc5 Nxc5 16. Bg5 Qe8 17. Qd2 Bg4 18. Bh6 Bxf3 19. Bxg7 Kxg7 20. gxf3 {1-0 (52) Anand,V (2759)-Caruana,F (2816) Leuven 2018}) 11... Ne6 12. Ng3 {LiveBook: 20 Games} d5 13. exd5 {White is slightly better.} Qxd5 14. Ne4 Qd8 15. b4 $146 ({Predecessor:} 15. Be3 b6 16. Qc1 Ne7 17. Bh6 f6 18. Bxg7 Kxg7 {0-1 (40) Fontaine,R (2369)-Mikhalevski,V (2531) Cappelle-la-Grande 1999}) 15... Kh8 16. Bb3 h6 17. Qc2 f5 18. Ng3 Qd6 19. Bb2 Nf4 20. Rad1 $1 Be6 21. Bxe6 Nxe6 22. d4 $36 {[%mdl 2048] White has good play.} exd4 23. Nh4 (23. cxd4 $11 Nxb4 24. Qb3) 23... Ng5 (23... Nf4 $17 24. Qc1 g5) 24. f4 $11 Nf7 (24... Ne4 $11) 25. cxd4 $1 $14 {d5 is the strong threat.} Nxb4 $2 ({Better is} 25... Rae8 $14) 26. Qb3 $1 $18 Kh7 27. Nxg6 $1 ({Don't play} 27. Re6 $6 Qd5 $16) 27... Qxg6 28. Re6 $1 {[%cal Re6g6]} ({But not} 28. Qxb4 $6 Nd6 $14) 28... Qg4 {[#]} (28... Bf6 $142) 29. h3 $1 {[%cal Rh3g4]} Qxf4 $2 {[#]} (29... Qh4) 30. Nh5 $2 ({Only move:} 30. Bc1 $1 $18 {[%cal Rc1f4]} Qh4 31. Nxf5) 30... Qg5 ({Black should try} 30... Qh4 $1 $14 31. Nxg7 Ng5) 31. Nxg7 $16 Qxg7 32. d5 {[%cal Bd4d5,Bd5c6][%mdl 32]} ({Don't do} 32. Qxb4 $6 a5 $14) 32... Qg5 (32... Qg8 {was necessary.}) 33. Qxb4 $18 Rg8 {[%csl Gg8][%cal Rg5g2]} 34. Rd2 Nd6 $2 (34... Raf8 35. Rc2 Re8) 35. Rc2 c5 36. dxc6 {Precision: White = 71%, Black = 25%.} 1-0

[Event "27th CRO-chT 1A-Men 2018"]
[Site "Biograd"]
[Date "2018.09.10"]
[Round "3.20"]
[White "Pikula, Dejan"]
[Black "Romanov, Evgeny"]
[Result "*"]
[WhiteElo "2469"]
[BlackElo "2611"]
[Annotator "TA"]
[PlyCount "66"]
[EventDate "2018.09.08"]
[EventType "team-tourn"]
[EventCountry "CRO"]
[SourceTitle "playchess.com"]
[Source "ChessBase"]
[SourceQuality "1"]

{[%evp 16,66,23,13,32,44,39,14,28,13,12,13,12,5,0,0,0,0,0,-27,6,0,0,0,0,0,-3,-45,-37,-43,-40,-114,-120,-276,-234,-226,-230,-243,-233,-226,-214,-216,-153,-291,-230,-257,-172,-155,-139,-141,-153,-154,-139]} 1. e4 {[%cal Be2e4,Be4e5][%mdl 32]} c5 2. Nf3 Nf6 3. e5 Nd5 4. g3 Nc6 5. Bg2 e6 6. O-O d6 7. exd6 Bxd6 {B29: Sicilian: 2 Nf3 Nf6 (Nimzowitsch Variation)} 8. d4 O-O 9. c4 {LiveBook: 5 Games} Nde7 {The position is equal.} (9... Nb6 10. dxc5 Bxc5 11. Qe2 e5 12. Nc3 Bg4 13. Be3 Bxe3 14. fxe3 Qe7 15. h3 {1-0 (56) Gharamian,T (2626)-Vocaturo,D (2600) Bastia 2016}) 10. Nc3 Nf5 $146 {[%cal Rc5d4]} ({Predecessor:} 10... cxd4 11. Nxd4 Be5 12. Nde2 Nf5 13. Bf4 Bxf4 14. Nxf4 Qb6 15. Rb1 {½-½ (33) Bae,T (2409)-Ogaard,L (2392) Oslo 2008}) 11. dxc5 (11. d5 $5 {[%cal Rd5c6]} Ncd4 12. Nxd4 cxd4 13. Ne4 $14) 11... Bxc5 12. Ne4 Be7 13. b3 e5 14. Bb2 f6 15. Nc3 Be6 16. Nd5 Bc5 17. Nd2 Nce7 {[%cal Bc6e7,Be7d5,Bd5b4][%mdl 32]} 18. Ne4 Bxd5 19. cxd5 Bd4 20. Bxd4 Nxd4 21. f4 Nxd5 {Threatens to win with ...Ne3.} 22. Qd3 Qb6 $36 {[%mdl 2048] aiming for ...Nc2+. Black is more active.} 23. Kh1 {[#]} (23. Qc4 $1 $15 Ne6+ 24. Nc5 Ndxf4 25. gxf4 Qxc5+ 26. Qxc5 Nxc5 27. fxe5) 23... Nb4 $1 $17 {[%cal Rb4d3]} 24. Qd1 $2 (24. Qc4+ $17 Kh8 25. Rfc1) 24... f5 25. Nd2 e4 26. Nc4 Qc5 27. Ne5 Rad8 28. Rc1 Qa5 {White must now prevent ...Nf3.} 29. a3 (29. Qe1 $17) 29... Nbc6 30. Nc4 Qd5 31. b4 {Black is clearly better.} Qf7 32. Qe1 Rfe8 33. Ne3 {[#]} Nf3 $1 {[%mdl 512] Precision: White = 35%, Black = 80%.} *

[Event "27th CRO-chT 1A-Men 2018"]
[Site "Biograd"]
[Date "2018.09.10"]
[Round "3.21"]
[White "Lalic, Bogdan"]
[Black "Jovanovic, Zoran"]
[Result "*"]
[WhiteElo "2403"]
[BlackElo "2540"]
[Annotator "TA"]
[PlyCount "35"]
[EventDate "2018.09.08"]
[EventType "team-tourn"]
[EventCountry "CRO"]
[SourceTitle "playchess.com"]
[Source "ChessBase"]
[SourceQuality "1"]

{[%evp 21,30,29,22,25,31,22,25,20,27,22,25]} 1. d4 d6 2. e4 Nf6 3. Nc3 e5 4. Nf3 Nbd7 5. Bc4 Be7 6. O-O O-O 7. a4 c6 8. h3 Nxe4 9. Nxe4 d5 10. Nxe5 {C41: Philidor Defence} Nxe5 11. dxe5 dxc4 {LiveBook: 5 Games} 12. Nd6 Be6 13. Nxb7 Qc7 14. Nd6 Rad8 15. Qe2 (15. Qf3 Bxd6 16. exd6 Qxd6 17. Bf4 {½-½ (17) Salgado Lopez,I (2618)-Baklan,V (2614) Drancy 2016}) 15... Bxd6 {Predecessor:} 16. exd6 $146 Qxd6 17. Be3 Qe5 18. a5 {½-½ (18) Lickleder,A (2120)-Wimmer,H (2270) Bayern 1993} *

[Event "27th CRO-chT 1A-Men 2018"]
[Site "Biograd"]
[Date "2018.09.10"]
[Round "3.22"]
[White "Bukal, Vladimir Jr"]
[Black "Plenkovic, Zdenko"]
[Result "1-0"]
[WhiteElo "2380"]
[BlackElo "2418"]
[Annotator "TA"]
[PlyCount "53"]
[EventDate "2018.09.08"]
[EventType "team-tourn"]
[EventCountry "CRO"]
[SourceTitle "playchess.com"]
[Source "ChessBase"]
[SourceQuality "1"]

{[%evp 22,53,82,75,96,94,124,115,116,123,144,134,143,148,136,81,127,77,159,150,158,173,180,172,135,131,224,218,239,231,1585,1506,1495,1489]} 1. d4 Nf6 2. c4 g6 3. g3 Bg7 4. Bg2 O-O 5. Nc3 d6 6. Nf3 Nc6 7. O-O Bf5 8. Bg5 Ne4 {E62: King's Indian: Fianchetto: 6...c6 and Panno Variation (6...Nc6) without ...a6} 9. Nxe4 Bxe4 10. d5 Na5 11. b3 c5 12. Rc1 {LiveBook: 4 Games} b5 $146 ({Predecessor:} 12... Re8 13. Qd2 a6 14. Bh3 Bxf3 15. exf3 b5 16. Rfe1 bxc4 17. bxc4 {1-0 (62) Aronian,L (2785)-Fressinet,L (2672) Doha 2016}) 13. Bh3 Bxf3 14. exf3 bxc4 15. bxc4 Rb8 16. Re1 {[%cal Bf1e1,Be1e4,Be4e2][%mdl 32]} Bf6 17. Bh6 Re8 {[#]} 18. Rc2 (18. Bd2 $142 $1) 18... Qc7 19. Qd3 Nb7 (19... Rb4 $142) 20. f4 $16 {[%cal Bf3f4,Bf4f5][%mdl 32]} Qa5 21. Re4 Qb4 22. f5 Qb1+ 23. Kg2 Na5 (23... g5 $16 {was necessary.} 24. Rg4 Kh8) 24. fxg6 $18 hxg6 25. Be6 Rb2 $2 (25... fxe6 26. Rg4 Kh8) 26. Ree2 {[#] Threatening mate with Qxg6+.} Kh8 27. Bxf7 {Precision: White = 90%, Black = 22%.} 1-0

[Event "27th CRO-chT 1A-Men 2018"]
[Site "Biograd"]
[Date "2018.09.10"]
[Round "3.23"]
[White "Loncar, Robert"]
[Black "Dutina, Dario"]
[Result "1/2-1/2"]
[WhiteElo "2409"]
[BlackElo "2245"]
[Annotator "ChessBase"]
[PlyCount "96"]
[EventDate "2018.09.08"]
[EventType "team-tourn"]
[EventCountry "CRO"]
[SourceTitle "playchess.com"]
[Source "ChessBase"]
[SourceQuality "1"]
[TimeControl "40/5400+30:1800+30"]

1. d4 {[%emt 0:14:30]} e6 {[%emt 0:00:30]} 2. Nf3 {[%emt 0:01:30]} d5 {[%emt 0:01:30]} 3. c4 {[%emt 0:00:30]} c6 {[%emt 0:02:30]} 4. Bg5 {[%emt 0:00:30]} Bb4+ {[%emt 0:08:30]} 5. Nc3 {[%emt 0:03:30]} f6 {[%emt 0:05:30]} 6. Bd2 {[%emt 0:10:30]} Ne7 {[%emt 0:14:30]} 7. Qb3 {[%emt 0:08:30]} Ba5 {[%emt 0:03:30]} 8. g3 {[%emt 0:11:30]} Nf5 {[%emt 0:06:30]} 9. e3 {[%emt 0:05:30]} Nd6 {[%emt 0:01:30]} 10. cxd5 {[%emt 0:02:30]} exd5 {[%emt 0:00:30]} 11. Bg2 {[%emt 0:00:30]} O-O {[%emt 0:01:30]} 12. O-O {[%emt 0:00:00]} Kh8 {[%emt 0:01:30]} 13. Rfe1 {[%emt 0:02:00]} Nd7 {[%emt 0:11:30]} 14. Qc2 {[%emt 0:02:30]} Nb6 {[%emt 0:06:30]} 15. Nh4 {[%emt 0:09:30]} Nbc4 {[%emt 0:02:30]} 16. Bc1 {[%emt 0:02:30]} g5 {[%emt 0:00:00]} 17. Nf3 {[%emt 0:01:30]} Bf5 {[%emt 0:00:00]} 18. Qb3 {[%emt 0:01:53]} Qd7 {[%emt 0:06:30]} 19. Nd2 {[%emt 0:00:43]} b5 {[%emt 0:07:54]} 20. Nxc4 {[%emt 0:01:40]} bxc4 {[%emt 0:01:23]} 21. Qa4 {[%emt 0:00:00]} Bxc3 {[%emt 0:06:32]} 22. bxc3 {[%emt 0:00:29]} Rfe8 {[%emt 0:00:06]} 23. Ba3 {[%emt 0:02:25]} Ne4 {[%emt 0:00:58]} 24. Rac1 {[%emt 0:03:12]} g4 {[%emt 0:00:03]} 25. Re2 {[%emt 0:01:26]} Rab8 {[%emt 0:00:49]} 26. Rb2 {[%emt 0:02:43]} Rxb2 {[%emt 0:00:48]} 27. Bxb2 {[%emt 0:00:02]} Ng5 {[%emt 0:00:00]} 28. Ba3 {[%emt 0:01:00]} Rb8 {[%emt 0:02:48]} 29. Bb4 {[%emt 0:02:03]} Be4 {[%emt 0:00:00]} 30. Bxe4 {[%emt 0:01:49]} Nxe4 {[%emt 0:00:09]} 31. Qc2 {[%emt 0:00:40]} Kg7 {[%emt 0:01:05]} 32. Rb1 {[%emt 0:00:31]} Qf5 {[%emt 0:01:05]} 33. Rb2 {[%emt 0:00:22]} Rb6 {[%emt 0:03:02]} 34. Qa4 {[%emt 0:00:32]} Qd7 {[%emt 0:00:33]} 35. Qa3 {[%emt 0:00:55]} Qb7 {[%emt 0:01:23]} 36. Bf8+ {[%emt 0:00:17]} Kf7 {[%emt 0:00:56]} 37. Rxb6 {[%emt 0:00:26]} axb6 {[%emt 0:00:01]} 38. Bh6 {[%emt 0:02:23]} c5 {[%emt 0:00:40]} 39. Kg2 {[%emt 0:00:58]} Kg6 {[%emt 0:00:49]} 40. Bf4 {[%emt 0:00:00]} Kf7 {[%emt 0:00:00]} 41. Qb2 {[%emt 0:16:31]} Qa6 {[%emt 0:13:26]} 42. dxc5 {[%emt 0:00:30]} Nxc5 {[%emt 0:00:00]} 43. h3 {[%emt 0:02:04]} h5 {[%emt 0:00:00]} 44. hxg4 {[%emt 0:00:11]} hxg4 {[%emt 0:00:30]} 45. Qb1 {[%emt 0:02:32]} Nd3 {[%emt 0:06:13]} 46. Qh1 {[%emt 0:00:30]} Qxa2 {[%emt 0:08:07]} 47. Qh7+ {[%emt 0:00:13]} Ke8 {[%emt 0:01:57]} 48. Qg8+ {[%emt 0:00:21]} Ke7 {[%emt 0:00:04]} 1/2-1/2

[Event "27th CRO-chT 1A-Men 2018"]
[Site "Biograd"]
[Date "2018.09.10"]
[Round "3.24"]
[White "Bozinovic, Bogdan"]
[Black "Sale, Srdjan"]
[Result "0-1"]
[WhiteElo "2229"]
[BlackElo "2428"]
[Annotator "TA"]
[PlyCount "52"]
[EventDate "2018.09.08"]
[EventType "team-tourn"]
[EventCountry "CRO"]
[SourceTitle "playchess.com"]
[Source "ChessBase"]
[SourceQuality "1"]

{[%evp 9,52,0,0,0,0,0,0,0,0,0,0,0,-6,-25,-5,-5,-5,-8,-13,-23,-19,-21,-25,-29,-37,-77,-51,-68,-62,-73,-56,-53,-59,-61,-50,-63,-53,-61,-73,-87,-89,-233,-233,-233,-233]} 1. d4 e6 2. Nf3 c5 3. e3 Nf6 4. Bd3 d5 5. O-O c4 6. Be2 {D05: Colle System with ...e6} b5 7. b3 Bb7 8. a4 {The position is equal.} (8. Nc3 b4 9. Na4 c3 10. Ne5 Bd6 11. a3 a5 12. Bb5+ Kf8 13. Nc5 Qb6 14. Nxb7 Qxb7 15. Qe2 g6 16. e4 Nxe4 17. Bh6+ Ke7 18. f3 Nd2 19. Rfe1 Kd8 20. Bf4 {1-0 (20) Kramnik,V (2808)-Giri,A (2771) Stavanger 2017 CBM 179 [Yermolinsky,A]}) 8... a6 $1 9. axb5 axb5 10. Rxa8 Bxa8 11. Ne5 $146 ({Predecessor:} 11. bxc4 bxc4 12. Ba3 Bxa3 13. Nxa3 Nbd7 {½-½ (23) Saada,J (2331)-Savina,A (2395) Montigny le Bretonneux 2014}) 11... Nbd7 12. Qe1 Nxe5 13. dxe5 Nd7 14. Ba3 Bxa3 15. Nxa3 Bc6 ({But not} 15... Nxe5 16. Qc3 $14 (16. Nxb5 O-O $11)) 16. bxc4 bxc4 17. e4 Qe7 18. Qc3 O-O $36 {[%mdl 2048] Black is more active.} 19. Nb1 Qc5 20. exd5 exd5 21. Nd2 Re8 22. Nf3 f6 {[%cal Rf6e5]} 23. e6 $1 {[%cal Re6d7]} Nf8 {[%cal Bd7f8,Bf8e6,Be6f4][%mdl 32]} 24. Nd4 Nxe6 25. Nf5 (25. Nxc6 $17 {might work better.} Qxc6 26. Bg4) 25... Nf4 $19 26. Bf3 {[#]} d4 $1 {Precision: White = 51%, Black = 86%.} 0-1

[Event "27th CRO-chT 1A-Men 2018"]
[Site "Biograd"]
[Date "2018.09.12"]
[Round "3.25"]
[White "Malakhov, Vladimir"]
[Black "Movsesian, Sergei"]
[Result "1-0"]
[WhiteElo "2666"]
[BlackElo "2645"]
[Annotator "TA"]
[PlyCount "298"]
[EventDate "2018.09.08"]
[EventType "team-tourn"]
[EventCountry "CRO"]
[SourceTitle "playchess.com"]
[Source "ChessBase"]
[SourceQuality "1"]

{[%evp 13,298,0,0,0,0,0,4,5,8,-17,-10,-16,0,-7,-10,-22,103,125,154,68,90,77,79,88,137,93,145,68,60,61,66,62,59,61,70,0,0,0,-14,-223,-231,-238,-232,-223,-225,-179,-96,-99,-82,-76,-76,-75,-85,-106,-54,-51,-34,-41,0,0,0,0,0,-5,-18,-62,-24,-22,8,8,8,8,2,2,17,0,0,0,0,0,16,-5,0,0,0,-6,11,11,24,23,26,24,30,29,29,28,30,30,27,25,32,32,32,32,32,31,27,26,33,32,32,32,32,32,31,28,27,27,32,32,37,37,37,33,37,37,37,37,37,36,38,38,41,38,40,35,37,30,31,29,77,77,80,80,83,60,93,83,118,86,75,67,67,67,92,95,106,95,116,116,118,117,115,114,113,113,113,112,108,109,110,110,132,139,138,129,125,122,119,116,119,109,118,104,112,113,105,98,100,98,101,101,105,100,101,83,105,91,102,96,96,96,95,95,95,85,107,80,89,89,105,106,106,106,106,106,106,100,100,79,79,78,78,77,95,94,112,113,115,116,115,114,820,808,615,106,420,105,123,125,152,121,121,121,121,119,119,119,115,114,121,114,121,120,114,117,122,117,120,120,120,121,117,116,116,114,120,116,120,120,123,121,129,126,135,129,129,120,449,136,4160,4160,4168,4168,4168,4160,4153]} 1. Nf3 d5 2. e3 Nf6 3. c4 e6 4. Nc3 Be7 5. b3 O-O 6. Bb2 dxc4 {A13: English Opening: 1...e6} (6... b6 7. cxd5 Nxd5 8. Nxd5 exd5 9. Qc2 c5 10. a3 Nc6 11. Bb5 Bb7 12. O-O Rc8 13. Rac1 a6 14. Be2 d4 {½-½ (36) Carlsen,M (2843)-Karjakin,S (2782) Stavanger 2018}) 7. bxc4 c5 {LiveBook: 6 Games} 8. Qc2 Nc6 {The position is equal.} 9. a3 b6 10. Be2 Bb7 11. Rg1 $146 ({Predecessor:} 11. O-O Rc8 12. Rad1 Qc7 13. Ng5 g6 {1-0 (48) Tal,M-Kapengut,A Moscow (Russia) 1972}) 11... Na5 12. d3 Ne8 13. g4 $1 Nd6 14. g5 Nf5 (14... Qe8 $11 {remains equal.}) 15. Ne4 $16 a6 16. Ne5 (16. h4 $16) 16... Nc6 17. Ng4 Kh8 {[#]} 18. h4 $1 {[%mdl 512]} Nxh4 19. f4 (19. Qc3 $6 Nf5 $11) 19... Nf5 (19... e5 $142) 20. Rh1 (20. Bf3 $16) 20... Nxe3 $1 $14 21. Nxe3 Nd4 22. Qd2 f5 $1 {[%cal Rf5e4]} 23. gxf6 $1 Bxf6 24. Bxd4 (24. Ng4 $14) 24... Qxd4 25. Nc2 Qb2 26. Kf2 $2 (26. Nxf6 $11 Bxh1 27. Nd7) 26... Bxe4 $1 $19 27. dxe4 Bg5 $1 28. Bf3 Rxf4 29. Qe2 Qc3 ({Black should try} 29... Raf8 $19 30. Rh3 Rg4) 30. Rh3 $17 Rd8 31. Rd1 Rxd1 32. Qxd1 Qxc4 33. Kg1 Qc3 (33... h6 $17 34. Bg2 Qa2) 34. Bg2 $15 Qe5 35. Ne1 Rf8 36. Nf3 $1 {[%cal Rf3e5]} Be3+ 37. Kh1 Qb2 (37... Qxe4 $2 38. Ng5 $1 $18 {[%mdl 512]}) 38. Nh4 Bh6 39. Rf3 {[%cal Rf3f8]} Rg8 40. Qd6 $1 {[%cal Rd6e6]} Qc1+ 41. Rf1 Qg5 $132 {[%mdl 2048] Black puts up resistance} ({Not} 41... Qxa3 $2 42. Nf3 $18) 42. Nf3 Qh5+ 43. Nh2 e5 44. Rf5 Qh4 45. Qxe5 c4 46. Qd6 Qd8 47. Qb4 b5 48. Nf3 Re8 49. a4 g6 50. Rd5 $1 {[%cal Rd5d8]} Qe7 51. Qxe7 Rxe7 52. axb5 axb5 53. Rxb5 {White wants to play Nd4.} Rxe4 54. Rc5 Bf8 55. Rc8 Kg7 56. Bf1 Re3 57. Kg2 Be7 58. Rxc4 Bf6 59. Rc7+ Re7 60. Rc6 Re3 61. Kf2 Re7 62. Bc4 h5 63. Be6 Ra7 64. Nd2 Ra3 65. Ke2 Bg5 66. Nb3 Ra7 67. Nc5 Be7 68. Nd3 Bf6 69. Bc4 Re7+ 70. Kf3 Bg5 71. Be6 Ra7 72. Bd5 Bf6 73. Nf4 Ra3+ 74. Ke2 h4 75. Bf3 Ra4 76. Ne6+ Kf7 77. Bd5 Ke7 78. Nc5 Rd4 79. Bb3 Rd6 80. Rc7+ Ke8 81. Ne6 Be7 82. Nf4 g5 83. Nd5 Bd8 84. Rh7 g4 85. Ne3 Bf6 86. Nxg4 Kd8 87. Ke3 Bg5+ 88. Ke4 Rd7 89. Rh5 Rg7 90. Be6 Kc7 91. Bf5 Kd6 92. Kd4 Be7 93. Rh6+ Kc7 94. Kd5 Rg5 95. Ke5 ({Don't play} 95. Rxh4 $6 Rxf5+ 96. Ke6 Bxh4 $11) 95... Bd6+ 96. Ke6 ({Reject} 96. Rxd6 $6 Rxf5+ 97. Ke6 Rg5 $11) 96... Bg3 97. Nf6 Kc6 98. Rh7 Kb5 99. Rh8 Rg7 100. Ne4 Kc4 101. Rd8 Rc7 102. Bh3 Kb3 103. Bf1 Rc1 104. Bd3 Rc6+ 105. Kd5 Rb6 106. Rc8 {Black must now prevent Rc1.} Rb8 107. Rc3+ Kb4 108. Rc4+ Ka3 109. Rc6 Kb2 110. Bf1 Rd8+ 111. Kc4 Kc2 112. Ra6 Rc8+ 113. Kd4 Rd8+ 114. Ke3 Be5 115. Rc6+ Kb2 116. Rh6 Bd4+ 117. Ke2 Rh8 118. Rd6 Be5 119. Rb6+ Kc2 120. Bh3 Rb8 121. Rc6+ Kb2 122. Nf2 Bd4 $2 {[%mdl 8192]} (122... Bg7 $16 123. Nd3+ Ka3) 123. Nd3+ $18 Ka3 124. Rd6 $2 (124. Ra6+ $18 {has better winning chances.} Kb3 125. Be6+ Kc2 126. Rc6+ Bc3 127. Nf2) 124... Bc3 $2 {[%mdl 8192]} (124... Bb6 $16 {is a better chance.} 125. Bd7 Kb3 126. Be6+ Ka4) 125. Rh6 $2 (125. Ra6+ $18 {is the precise move to win.} Kb3 126. Bd7) 125... Kb3 126. Rxh4 Kc2 127. Bg2 {Threatens to win with Bc6.} Re8+ 128. Be4 {And now Ke3 would win.} Bf6 129. Rf4 Kc3 130. Ne1 Be5 131. Rf3+ Kd4 132. Bg6 Re6 133. Nc2+ Kc5 134. Bf5 Re8 135. Rd3 {aiming for Be4.} Bf6+ 136. Kf3 Rf8 137. Kf4 Re8 138. Be4 {Rd7 is the strong threat.} Rd8 139. Ra3 Bb2 140. Ra5+ Kb6 141. Rf5 Rd6 142. Nb4 {Hoping for Rf8.} Bc1+ 143. Ke5 Rh6 144. Nd3 Ba3 145. Kd4 {Strongly threatening Rf7.} Be7 $2 {[%mdl 8192]} (145... Kc7 $16 146. Rb5 Ra6) 146. Rf7 Rd6+ $2 {[%mdl 8192] [#]} (146... Ba3 $16 147. Rb7+ Ka6) 147. Kc4 $1 {White is clearly winning.} Rd7 148. Nf4 Rc7+ 149. Kd3 {White threatens Nd5+ and mate.} Rd7+ {Precision: White = 69%, Black = 51%.} 1-0

[Event "27th CRO-chT 1A-Men 2018"]
[Site "Biograd"]
[Date "2018.09.10"]
[Round "3.26"]
[White "Nguyen, Thai Dai Van"]
[Black "Korobov, Anton"]
[Result "1/2-1/2"]
[WhiteElo "2537"]
[BlackElo "2685"]
[Annotator "TA"]
[PlyCount "92"]
[EventDate "2018.09.08"]
[EventType "team-tourn"]
[EventCountry "CRO"]
[SourceTitle "playchess.com"]
[Source "ChessBase"]
[SourceQuality "1"]

{[%evp 18,92,33,31,50,34,37,37,61,29,6,15,14,22,27,25,28,30,37,116,136,-36,-28,-61,-85,-73,0,-53,-39,-35,-39,-33,-42,-36,-41,-40,-25,-56,-47,-47,-58,-56,-51,-33,-31,-26,-9,-13,-10,-14,-16,-21,-23,-68,-68,-77,-37,-68,-68,-94,-75,-70,-27,-30,-26,-26,-8,-8,-8,-8,-8,-8,0,0,0,0,0]} 1. e4 c5 2. Nf3 d6 3. d4 cxd4 4. Nxd4 Nf6 5. Nc3 a6 6. Be3 Nbd7 7. f3 h6 8. h4 e6 9. g4 b5 {B80: Sicilian Scheveningen: 6 g3 and 6 Be3, including English Attack} 10. Rg1 {LiveBook: 21 Games} (10. a3 Bb7 11. Rg1 g6 12. g5 hxg5 13. hxg5 Ng8 14. Qd2 Ne7 15. O-O-O Bg7 16. f4 Rc8 17. Ndxb5 axb5 18. Nxb5 {1-0 (32) Inarkiev,E (2730)-Can,E (2571) Izmir 2016}) 10... b4 11. Nce2 Ne5 {White is slightly better.} 12. Ng3 $146 ({Predecessor:} 12. g5 hxg5 13. hxg5 Nfd7 14. b3 Nc5 15. Qd2 Bb7 16. O-O-O Qa5 17. Kb1 d5 18. Bf4 Ng6 19. exd5 Bxd5 20. Bg3 O-O-O 21. Bg2 Be7 22. c3 bxc3 23. Nxc3 Bb7 24. Na4 {1-0 (24) Frolov,A (2510)-Petrushin,A (2390) Smolensk 1992}) 12... Qc7 13. g5 hxg5 14. hxg5 Nfd7 15. f4 Nc4 16. Bxc4 $1 Qxc4 17. g6 Be7 18. gxf7+ (18. Nh5 $14 Bh4+ 19. Kd2 fxg6 20. Nxg7+ Ke7 21. Rxg6) 18... Kxf7 $16 19. f5 $2 (19. Nh5 $16 Bh4+ 20. Bf2 Bxf2+ 21. Kxf2) 19... Ne5 $15 20. fxe6+ Bxe6 21. Nxe6 Kxe6 {[#]} (21... Qxe6 $17 22. Qe2 Bf6) 22. Bf4 (22. Qd5+ $1 $11 {[%mdl 512]} Qxd5 23. exd5+ Kxd5 24. O-O-O+ Ke6 25. Ne2) 22... Rh4 {[#]} 23. Qd5+ $1 {[%mdl 512]} Qxd5 24. exd5+ Kxd5 25. O-O-O+ Ke6 $1 26. Ne2 $1 Bf6 27. Bg3 Rg4 28. Rxd6+ Kxd6 29. Bxe5+ $1 Kxe5 30. Rxg4 {[%mdl 4096] Endgame KRB-KRN} a5 31. c3 Rc8 32. Kd2 g5 33. Ng3 bxc3+ 34. bxc3 Ke6 35. Ne4 Be5 $1 {aiming for ...Kf5.} 36. Rg1 Bf4+ 37. Ke2 Kf5 38. Kf3 Rd8 39. Nf2 Re8 {Threatens to win with ...Re3+.} 40. Rb1 Re3+ 41. Kg2 Re5 42. c4 {The position is equal.} Rc5 43. Rb5 Rxb5 44. cxb5 g4 45. b6 Bb8 46. a4 Ke6 {Precision: White = 47%, Black = 60%.} 1/2-1/2

[Event "27th CRO-chT 1A-Men 2018"]
[Site "Biograd"]
[Date "2018.09.10"]
[Round "3.27"]
[White "Stevic, Hrvoje"]
[Black "Sertic, Rudolf"]
[Result "1-0"]
[WhiteElo "2579"]
[BlackElo "2366"]
[Annotator "TA"]
[PlyCount "71"]
[EventDate "2018.09.08"]
[EventType "team-tourn"]
[EventCountry "CRO"]
[SourceTitle "playchess.com"]
[Source "ChessBase"]
[SourceQuality "1"]

{[%evp 14,71,62,42,65,58,76,57,101,98,95,92,100,61,72,75,117,129,137,137,124,125,150,86,168,144,371,202,364,344,362,372,368,372,357,336,530,523,522,527,525,516,576,510,459,525,475,148,191,179,177,187,189,156,724,709,5289,1892,1407,673]} 1. e4 e6 2. d4 d5 3. Nd2 dxe4 4. Nxe4 Nd7 5. Nf3 Ngf6 6. Nxf6+ Nxf6 7. g3 Bd6 8. Bg2 {LiveBook: 6 Games} c6 {C10: French with 3 Nc3: Unusual Black 3rd moves and 3...dxe4} (8... O-O 9. O-O Bd7 10. Ne5 Rb8 11. Bg5 Be8 12. c3 h6 13. Bd2 Bxe5 14. dxe5 Nd5 15. Qg4 Kh8 16. Rad1 {1-0 (61) Kokarev,D (2536)-Meister,J (2504) playchess.com INT 2006}) 9. O-O Qc7 10. c4 Qb8 $146 {White is slightly better.} ({Predecessor:} 10... b6 11. Bg5 Bb7 12. Rc1 c5 13. dxc5 Bxc5 14. b4 Rd8 15. Qb3 Be7 16. c5 bxc5 17. bxc5 {½-½ (49) Demarchek,A (1993)-Gorbachev,A (1909) Kemerovo 2013}) 11. Re1 O-O 12. Ne5 Nd7 {[%cal Rd7e5]} 13. Qh5 Qc7 14. Bf4 a5 15. c5 Bxe5 16. dxe5 ({Inferior is} 16. Rxe5 Nxe5 17. Bxe5 Qd8 $11) 16... Nxc5 17. Rad1 Qe7 18. Rd6 ({Better is} 18. Bg5 $1 {[%cal Rg5e7]} f6 19. exf6 gxf6 20. Bh6) 18... Qe8 (18... a4 $16) 19. Qg4 $1 $18 Kh8 $2 (19... Qe7 $16 20. Bg5 f6) 20. Red1 (20. Qh4 $142) 20... Nd7 $2 (20... Qe7 21. Qg5 Qxg5 22. Bxg5 b6) 21. Qh4 f5 22. exf6 Nxf6 23. Be5 Qf7 24. Rd8 Kg8 (24... Bd7 {was called for.}) 25. Rxf8+ Qxf8 26. Be4 h6 {White must now prevent ...g5.} 27. Bxf6 gxf6 28. Qg4+ Kh8 29. Qg6 {[%csl Ge4][%cal Rg6h7]} f5 {[#]} 30. Bc2 $2 (30. Bxf5 $1 $18 {[%mdl 512] and the rest is easy.} exf5 31. Rd6) 30... c5 31. Ba4 $40 {[%mdl 128] White attacks with force.} b5 32. Bxb5 Ra7 33. Be8 Re7 $2 {[#]} (33... Qg7 $16) 34. Rd8 $1 {[%cal Rd8c8] White is clearly winning.} Rg7 35. Qxh6+ Kg8 36. Qh5 {Precision: White = 62%, Black = 35%.} (36. Qh4 $142) 1-0